01848cam a22004574i 4500003000900000005001700009008004100026020001500067020001800082035002000100040003300120049000900153082002100162100004700183245011300230264003200343300005600375336002100431337002500452338002300477490002900500504004000529505026500569526001000834526001000844526001000854526001000864526000800874526000800882526000800890526000800898526000800906526000800914526000800922910002800930596000600958942001400964999017500978980005501153952018201208PE-LiUPU20250731172855.0160822s2013 sp a rb 000 0 spa d a8428541973 a9788428541978 a(Sirsi) a163086 aPE-LiUPUbspacPE-LiUPUerda aPRUA04a268.432bL832201 aLópez Romero, María Ángeles,eautor.10aMamá, ¿Dios es verde? :b cómo responder a los niños con palabras de hoy /cÁngeles López Romero. 1aMadrid :bSan Pablo;c2013. a154 páginas :bilustraciones ;c23 centímetros. atext2rdacontent aunmediated2rdamedia avolume2rdacarrier0 aReligión y educación aBibliografía : páginas 153-154.0 aPalabra de Miguel -- Súper Dios -- Tres mejor que uno -- Jesús es el mejor -- Color carne -- La duda es el coco -- Abre la panadería -- Los apellidos de Dios -- Esto es crecer -- Una petición de perdón con propósito de enmienda a modo de epílogo. aSEG42 aSEG41 aSEG40 aSEG39 aP94 aP87 aP86 aP85 aP77 aP76 aP35 ajckbncfcncfd20160822 a1 2ddccBOOK a268.432 L83wDEWEYc11994i69509d11994e2016-10-18f2021-11-10g5lCCODEBUL1mBULn2p24.75r0sYtBOOKu2016-8-22xTEOLOGIAPP350COMPRAo.STAFF. Colección Teología 81gALBERTO SANCHEZ Responsable de Automatización r2025-12-02 00:00:00i6l2o268.432 L83p69509s2016-10-18te1v29.75w2016-08-22xFTyBKzinventario-2023-12-13102ddc50708GENfP35aBULbBULcGENd2016-08-22eCOMPRAg24.75